| 000 | 01517cam a22003854a 4500 | ||
|---|---|---|---|
| 001 | 14182197 | ||
| 003 | SISC | ||
| 005 | 20160229145435.0 | ||
| 008 | 051128s2006 nyua j 001 0 eng | ||
| 010 | _a 2005034455 | ||
| 020 | _a9781402716904 | ||
| 020 | _a1402716907 | ||
| 035 | _a(OCoLC)ocm62408635 | ||
| 035 | _a(OCoLC)62408635 | ||
| 037 |
_a1262284 _bQBI |
||
| 040 |
_aDLC _cDLC _dQBX _dBAKER _dOCO _dBTCTA _dDLC |
||
| 050 | 0 | 0 |
_aQ 182.3 _b.B367 2006 |
| 100 | 1 |
_aBardhan-Quallen, Sudipta. _911733 |
|
| 245 |
_aLast-minute science fair projects : _bwhen your Bunsen's not burning but the clock's really ticking / _cby Sudipta Bardhan-Quallen. |
||
| 246 | _aScience fair projects | ||
| 260 |
_aNew York : _bSterling Pub., _cc2006. |
||
| 300 |
_a112 p. : _bcol. ill. ; _c27 cm. |
||
| 500 | _aIncludes index. | ||
| 520 | _aExamines ways to complete your science project in a very short time with supplies you can find around the house. | ||
| 650 | 0 |
_aScience projects _vJuvenile literature. _911734 |
|
| 650 | 1 |
_aScience projects. _92008 |
|
| 856 | 4 | 1 |
_3Table of contents only _uhttp://www.loc.gov/catdir/toc/ecip064/2005034455.html |
| 856 | 4 | 2 |
_3Publisher description _uhttp://www.loc.gov/catdir/enhancements/fy0634/2005034455-d.html |
| 906 |
_a7 _bcbc _corignew _d1 _eecip _f20 _gy-gencatlg |
||
| 942 |
_2lcc _cBK |
||
| 999 |
_c8900 _d8900 |
||